<?xml version="1.0" encoding="UTF-8"?>
<collection xmlns="http://www.loc.gov/MARC21/slim">
 <record>
  <leader>00541nam a22001335a 4500</leader>
  <controlfield tag="001">DER.der009708</controlfield>
  <controlfield tag="008">180615s1862####ag#||||||||||||||#||spa||</controlfield>
  <controlfield tag="005">20260127130501.0</controlfield>
  <datafield tag="245" ind1="1" ind2="0">
   <subfield code="a">Derecho criminal :</subfield>
   <subfield code="b">sustanciación de los procesos. Leyes, decretos y órdenes vigentes; Observación al Código, y exposición y explicación de casos prácticos dudosos /</subfield>
   <subfield code="c">D. Manuel L. de Azcutia.</subfield>
  </datafield>
  <datafield tag="260" ind1=" " ind2=" ">
   <subfield code="a">Madrid :</subfield>
   <subfield code="b">Rivadeneyra,</subfield>
   <subfield code="c">1862</subfield>
  </datafield>
  <datafield tag="300" ind1=" " ind2=" ">
   <subfield code="a">374 p.</subfield>
  </datafield>
  <datafield tag="100" ind1="1" ind2=" ">
   <subfield code="a">Azcutia, D. Manuel L.</subfield>
  </datafield>
  <datafield tag="650" ind1=" " ind2="7">
   <subfield code="a">CRIMINOLOGÍA</subfield>
  </datafield>
  <datafield tag="859" ind1=" " ind2=" ">
   <subfield code="a">DERECHO</subfield>
   <subfield code="b">BIB. DERECHO</subfield>
   <subfield code="h">364</subfield>
   <subfield code="i">AZC</subfield>
   <subfield code="p">006328</subfield>
  </datafield>
 </record>
</collection>
